[Event "SWE-chB"]
[Site "Helsingborg"]
[Date "2023.07.03"]
[Round "3"]
[White "Lind, Jan Olov"]
[Black "Thorn, Eric"]
[Result "0-1"]
[WhiteElo "2191"]
[BlackElo "2379"]
[PlyCount "124"]
[EventDate "2023.07.01"]
[EventType "tourn"]
[EventRounds "9"]
[EventCountry "SWE"]
[EventCategory "4"]
[SourceTitle "CBM 215 Extra"]
[Source "ChessBase"]
[SourceDate "2023.09.30"]
[SourceVersion "1"]
[SourceVersionDate "2023.09.30"]
[SourceQuality "1"]

1. e4 e5 2. Nf3 Nc6 3. Bb5 a6 4. Ba4 Nf6 5. 0-0 Be7 6. Bxc6 dxc6 7. Re1 Nd7 8. d4 exd4 9. Qxd4 0-0 10. Bf4 Nc5 11. Qe3 Ne6 12. Bg3 Bc5 13. Qc3 a5 14. Nbd2 Bb4 15. Qe3 Bc5 16. Qc3 f6 17. Rad1 Qe8 18. a3 Qf7 19. Nb3 Bb6 20. a4 Re8 21. Kh1 Nf8 22. Nfd4 Qh5 23. f3 Kh8 24. Ne2 Ng6 25. Nf4 Qh6 26. Nd3 Qg5 27. Qd2 Qh5 28. Nf4 Nxf4 29. Bxf4 Be6 30. Be3 Bxb3 31. cxb3 Qf7 32. Bxb6 cxb6 33. Re3 h6 34. Rd3 Kh7 35. Qc2 Re7 36. Qc4 Qh5 37. Rd7 Rae8 38. Rxe7 Rxe7 39. Qd3 Qe5 40. Qc3 Qe6 41. Qd3 f5 42. Re1 Rd7 43. Qc2 Qe5 44. h3 f4 45. Re2 b5 46. Rd2 Rxd2 47. Qxd2 bxa4 48. bxa4 b5 49. b3 bxa4 50. bxa4 Qa1+ 51. Kh2 Qxa4 52. Qxf4 Qb5 53. e5 Qd5 54. Qf5+ Kg8 55. f4 a4 56. Qc8+ Kh7 57. e6 Qe4 58. f5 a3 59. Qe8 Qxf5 60. Qxc6 a2 61. Qa6 Qe5+ 62. g3 a1Q 0-1

[Event "Skara Vastgota op"]
[Site "Skara"]
[Date "2023.02.19"]
[Round "7"]
[White "Eklund, Lars Goran"]
[Black "Lind, Jan Olov"]
[Result "1/2-1/2"]
[WhiteElo "2158"]
[BlackElo "2214"]
[PlyCount "64"]
[EventDate "2023.02.18"]
[EventType "swiss"]
[EventRounds "9"]
[EventCountry "SWE"]
[SourceTitle "CBM 212 Extra"]
[Source "ChessBase"]
[SourceDate "2023.03.31"]
[SourceVersion "1"]
[SourceVersionDate "2023.03.31"]
[SourceQuality "1"]

1. Nf3 c5 2. c4 Nc6 3. d4 cxd4 4. Nxd4 g6 5. e4 Bg7 6. Be3 Nf6 7. Nc3 0-0 8. Be2 d6 9. 0-0 Bd7 10. Qd2 Nxd4 11. Bxd4 Bc6 12. f3 a5 13. Rab1 Nd7 14. Be3 Nc5 15. Rfd1 Be5 16. b3 e6 17. Bd4 Qh4 18. Bxe5 dxe5 19. Qe3 Qe7 20. a3 Na6 21. Nb5 Rfd8 22. Kf1 Rxd1+ 23. Rxd1 Rd8 24. Qc3 Rxd1+ 25. Bxd1 Qd8 26. Be2 f6 27. Qe3 b6 28. Ke1 Bxb5 29. cxb5 Nc5 30. Bc4 Qd6 31. Qd2 Qxd2+ 32. Kxd2 Kf7 1/2-1/2

[Event "Skara Vastgota op"]
[Site "Skara"]
[Date "2023.02.18"]
[Round "2"]
[White "Seo, Jung Min"]
[Black "Lind, Jan Olov"]
[Result "1-0"]
[WhiteElo "2509"]
[BlackElo "2214"]
[PlyCount "79"]
[EventDate "2023.02.18"]
[EventType "swiss"]
[EventRounds "9"]
[EventCountry "SWE"]
[SourceTitle "CBM 212 Extra"]
[Source "ChessBase"]
[SourceDate "2023.03.31"]
[SourceVersion "1"]
[SourceVersionDate "2023.03.31"]
[SourceQuality "1"]

1. e4 c5 2. Nf3 g6 3. d4 cxd4 4. Nxd4 Bg7 5. Nc3 Nc6 6. Be3 Nf6 7. Bc4 0-0 8. Bb3 d6 9. f3 Bd7 10. Qd2 Nxd4 11. Bxd4 b5 12. 0-0 a5 13. a3 Rb8 14. Kh1 a4 15. Ba2 b4 16. axb4 Rxb4 17. Ne2 Qb8 18. Bc3 Rxb2 19. Bxb2 Qxb2 20. Rfb1 Qe5 21. c3 Bc6 22. Nd4 Bxe4 23. Re1 d5 24. Bb1 Qh5 25. fxe4 Ng4 26. h3 Qh4 27. Nf3 Nf2+ 28. Kg1 Nxh3+ 29. gxh3 Qg3+ 30. Qg2 Qf4 31. e5 Rc8 32. Qg4 Qxg4+ 33. hxg4 Rxc3 34. Kf2 a3 35. Re3 Rc4 36. g5 h6 37. Raxa3 hxg5 38. Ra8+ Bf8 39. Nxg5 Kg7 40. Rf3 1-0

[Event "SWE-ch Blitz"]
[Site "Stockholm"]
[Date "2023.01.01"]
[Round "12"]
[White "Raja, Rithvik R"]
[Black "Lind, Jan Olov"]
[Result "1-0"]
[WhiteElo "2459"]
[BlackElo "2214"]
[PlyCount "49"]
[EventDate "2023.01.01"]
[EventType "swiss (blitz)"]
[EventRounds "13"]
[EventCountry "SWE"]
[SourceTitle "CBM 211 Extra"]
[Source "ChessBase"]
[SourceDate "2023.01.31"]
[SourceVersion "1"]
[SourceVersionDate "2023.01.31"]
[SourceQuality "1"]

1. d4 Nf6 2. c4 g6 3. g3 Bg7 4. Bg2 0-0 5. Nc3 d6 6. Nf3 Nbd7 7. 0-0 a6 8. h3 c5 9. b3 Rb8 10. dxc5 Nxc5 11. Nd4 Ne6 12. Be3 Nxd4 13. Bxd4 Nd7 14. a4 Bxd4 15. Qxd4 Nc5 16. Rab1 a5 17. Rfd1 Bf5 18. e4 Be6 19. e5 Bf5 20. Rb2 Qc8 21. Nd5 Re8 22. exd6 e5 23. Nf6+ Kh8 24. Qh4 h5 25. Qg5 1-0

[Event "Ostersund Storsjodraget op"]
[Site "Ostersund"]
[Date "2022.06.12"]
[Round "7"]
[White "Hammarstrom, Ulf"]
[Black "Lind, Jan Olov"]
[Result "1-0"]
[WhiteElo "2225"]
[BlackElo "2169"]
[PlyCount "155"]
[EventDate "2022.06.10"]
[EventType "swiss"]
[EventRounds "7"]
[EventCountry "SWE"]
[SourceTitle "CBM 208 Extra"]
[Source "ChessBase"]
[SourceDate "2022.07.31"]
[SourceVersion "1"]
[SourceVersionDate "2022.07.31"]
[SourceQuality "1"]

1. e4 c5 2. c3 d5 3. exd5 Qxd5 4. d4 cxd4 5. cxd4 e6 6. Nc3 Qd6 7. Nf3 Nf6 8. g3 Nc6 9. Bg2 Be7 10. 0-0 0-0 11. Bf4 Qd8 12. a3 Bd6 13. Ne5 Ne7 14. Qb3 a6 15. Rad1 Qc7 16. Rc1 Qb8 17. Rfe1 Ng6 18. Nxg6 hxg6 19. Bxd6 Qxd6 20. d5 Bd7 21. Rcd1 e5 22. Qb4 Qxb4 23. axb4 Rfe8 24. d6 Rab8 25. Nd5 Nxd5 26. Rxd5 f6 27. Rc5 Bc6 28. Bxc6 bxc6 29. Rxc6 Red8 30. Re4 Kf7 31. f4 Ke6 32. Rc5 Rxd6 33. fxe5 fxe5 34. Rcxe5+ Kf6 35. Ra5 Rdb6 36. Rf4+ Ke6 37. Re4+ Kf6 38. Rf4+ Ke6 39. Rf3 Ke7 40. Re3+ Kf7 41. Rf3+ Ke7 42. Re5+ Re6 43. Rxe6+ Kxe6 44. Ra3 Rb6 45. Ra5 Kf7 46. Ra4 Rc6 47. Kg2 Rc2+ 48. Kf3 Rxb2 49. h4 Kg8 50. Ke4 Rb3 51. Kd5 Rxg3 52. Rxa6 Rb3 53. Kc5 Kh7 54. b5 Kh6 55. b6 Kh5 56. Ra4 g5 57. Rb4 Rc3+ 58. Kd4 Rc8 59. b7 Rb8 60. hxg5 Kxg5 61. Ke5 Kh5 62. Kd6 g5 63. Kc7 Rxb7+ 64. Kxb7 g4 65. Kc6 Kg5 66. Kd5 Kf5 67. Rb8 Kf4 68. Kd4 Kf3 69. Kd3 g3 70. Rf8+ Kg2 71. Ke2 Kh2 72. Rh8+ Kg1 73. Kf3 g2 74. Kg3 Kf1 75. Rf8+ Kg1 76. Ra8 Kh1 77. Rh8+ Kg1 78. Rh2 1-0

[Event "Ostersund Storsjodraget op"]
[Site "Ostersund"]
[Date "2022.06.11"]
[Round "4"]
[White "Lind, Jan Olov"]
[Black "Johansson, Alexander1111"]
[Result "1-0"]
[WhiteElo "2169"]
[BlackElo "1582"]
[PlyCount "33"]
[EventDate "2022.06.10"]
[EventType "swiss"]
[EventRounds "7"]
[EventCountry "SWE"]
[SourceTitle "CBM 208 Extra"]
[Source "ChessBase"]
[SourceDate "2022.07.31"]
[SourceVersion "1"]
[SourceVersionDate "2022.07.31"]
[SourceQuality "1"]

1. e4 c6 2. d4 d5 3. exd5 cxd5 4. c4 Nf6 5. Nc3 g6 6. Qb3 Bg7 7. cxd5 Nbd7 8. Be2 0-0 9. Bf3 Qb6 10. Qd1 Ne8 11. Nge2 Nc7 12. 0-0 Nf6 13. Bf4 Rd8 14. Na4 Qa5 15. b4 Qxb4 16. Bxc7 Rd7 17. a3 1-0

[Event "Wch Seniors 65 29th"]
[Site "Bucharest"]
[Date "2019.11.19"]
[Round "7"]
[White "Balashov, Yuri S"]
[Black "Lind, Jan Olov"]
[Result "1-0"]
[WhiteElo "2457"]
[BlackElo "2148"]
[PlyCount "61"]
[EventDate "2019.11.12"]
[EventType "swiss"]
[EventRounds "11"]
[EventCountry "ROU"]
[SourceTitle "CBM 193 Extra"]
[Source "ChessBase"]
[SourceDate "2020.01.31"]
[SourceVersion "1"]
[SourceVersionDate "2020.01.31"]
[SourceQuality "1"]

1. Nf3 c5 2. c4 Nc6 3. d4 cxd4 4. Nxd4 g6 5. e4 Bg7 6. Be3 Nf6 7. Nc3 0-0 8. Be2 d6 9. 0-0 Bd7 10. Rc1 Nxd4 11. Bxd4 Bc6 12. f3 Nd7 13. Be3 a5 14. Rc2 Nc5 15. Qd2 Be5 16. Rd1 e6 17. Bg5 Qb6 18. Kh1 Qc7 19. Nb5 Bxb5 20. cxb5 f5 21. exf5 Rxf5 22. Be3 Raf8 23. Rc4 Bxh2 24. f4 Rd5 25. Qe1 Rxd1 26. Bxd1 Qg7 27. Kxh2 Nd3 28. Qc3 Qh6+ 29. Kg3 Nc5 30. Bxc5 dxc5 31. Qe5 1-0

[Event "Lidkoping op"]
[Site "Lidkoping"]
[Date "2019.08.24"]
[Round "1"]
[White "Loken, Espen"]
[Black "Lind, Jan Olov"]
[Result "1-0"]
[WhiteElo "1805"]
[BlackElo "2164"]
[PlyCount "175"]
[EventDate "2019.08.24"]
[EventType "swiss"]
[EventRounds "7"]
[EventCountry "SWE"]
[SourceTitle "EXT 2020"]
[Source "ChessBase"]
[SourceDate "2019.10.17"]
[SourceVersion "1"]
[SourceVersionDate "2019.10.17"]
[SourceQuality "1"]

1. e4 c5 2. Nc3 e6 3. g3 d5 4. exd5 exd5 5. d4 cxd4 6. Qxd4 Nf6 7. Bg5 Be7 8. 0-0-0 Nc6 9. Qa4 Qb6 10. Be3 Bc5 11. Bxc5 Qxc5 12. Bg2 Be6 13. Nh3 0-0 14. Nf4 Qxf2 15. Bxd5 Nxd5 16. Nfxd5 Bxd5 17. Nxd5 Rad8 18. Rd2 Qc5 19. Rhd1 Kh8 20. c3 b5 21. Qh4 a5 22. Nf6 h6 23. Nd7 Rxd7 24. Rxd7 b4 25. c4 Qe3+ 26. Kb1 a4 27. Qf4 Qe2 28. Qd6 Rc8 29. Qf4 f6 30. R7d2 Qe8 31. Rd7 Qg6+ 32. Ka1 Qc2 33. R7d2 Qg6 34. g4 Kh7 35. h4 Ne5 36. Rd4 a3 37. h5 axb2+ 38. Kxb2 Qe8 39. Qf5+ Kg8 40. Qxc8 Qxc8 41. Rd8+ Qxd8 42. Rxd8+ Kf7 43. Rd4 Ke6 44. c5 Nf3 45. Rf4 Ne5 46. Kb3 Kd5 47. Rxb4 Kxc5 48. Rb7 Nxg4 49. Rxg7 f5 50. Rf7 Ne3 51. Rf6 Kd5 52. a4 Ke5 53. Rxh6 f4 54. Rc6 f3 55. Rc1 f2 56. h6 Kf6 57. a5 f1Q 58. Rxf1+ Nxf1 59. Kb4 Ne3 60. Kc5 Nf5 61. a6 Nxh6 62. a7 Nf5 63. a8Q Ke5 64. Qe8+ Kf6 65. Kd5 Ne7+ 66. Ke4 Ke6 67. Qd8 Kf7 68. Qd7 Kf6 69. Qe8 Ke6 70. Qf8 Kd7 71. Qf6 Nc6 72. Kd5 Ne7+ 73. Kc5 Nc8 74. Qc6+ Kd8 75. Qe6 Kc7 76. Qf7+ Kd8 77. Kc6 Ne7+ 78. Kb7 Kd7 79. Qf6 Ke8 80. Qe6 Kd8 81. Kb6 Nc8+ 82. Kc5 Ne7 83. Qf6 Kd7 84. Qf7 Kd8 85. Kd6 Nc8+ 86. Ke6 Nb6 87. Qb7 Nc8 88. Qd7# 1-0

[Event "Wch Seniors 65 28th"]
[Site "Bled"]
[Date "2018.11.29"]
[Round "11"]
[White "Myall, Ivan J"]
[Black "Lind, Jan Olov"]
[Result "1/2-1/2"]
[WhiteElo "1995"]
[BlackElo "2215"]
[PlyCount "104"]
[EventDate "2018.11.18"]
[EventType "swiss"]
[EventRounds "11"]
[EventCountry "SLO"]
[SourceTitle "EXT 2020"]
[Source "ChessBase"]
[SourceDate "2019.10.17"]
[SourceVersion "1"]
[SourceVersionDate "2019.10.17"]
[SourceQuality "1"]

1. d4 g6 2. e4 Bg7 3. Nc3 d6 4. f4 a6 5. a4 b6 6. Nf3 Bb7 7. Bc4 e6 8. Qe2 Ne7 9. d5 exd5 10. Nxd5 0-0 11. 0-0 Nd7 12. Ra3 c6 13. Nxe7+ Qxe7 14. Re3 b5 15. Ba2 bxa4 16. Kh1 Rab8 17. Ng5 h6 18. Nf3 Bc8 19. e5 dxe5 20. Nxe5 Nxe5 21. fxe5 Rb5 22. Bc4 Rxe5 23. Rxe5 Qxe5 24. Qxe5 Bxe5 25. Bxh6 Bg7 26. Bxg7 Kxg7 27. Kg1 Bf5 28. c3 Rb8 29. Rf2 a5 30. h3 Be6 31. Bxe6 fxe6 32. Rf4 Rxb2 33. Rxa4 Rb5 34. Rc4 Rb6 35. Ra4 Ra6 36. Kf2 Kf6 37. Ke3 Ke5 38. h4 Kd5 39. g4 Ke5 40. Re4+ Kd5 41. Ra4 e5 42. Kd3 Ra8 43. h5 gxh5 44. gxh5 Ke6 45. h6 Rh8 46. Rh4 Kf5 47. h7 Kg6 48. Rc4 Kxh7 49. Rxc6 Ra8 50. Re6 Kg7 51. Rxe5 Kg6 52. Re1 Ra6 1/2-1/2

[Event "SWE-chB"]
[Site "Ronneby"]
[Date "2018.07.07"]
[Round "8"]
[White "Lundin, Jan"]
[Black "Lind, Jan Olov"]
[Result "1-0"]
[WhiteElo "2282"]
[BlackElo "2234"]
[PlyCount "123"]
[EventDate "2018.06.30"]
[EventType "tourn"]
[EventRounds "9"]
[EventCountry "SWE"]
[EventCategory "3"]
[SourceTitle "CBM 185 Extra"]
[Source "ChessBase"]
[SourceDate "2018.07.29"]
[SourceVersion "1"]
[SourceVersionDate "2018.07.29"]
[SourceQuality "1"]

1. f4 d5 2. Nf3 g6 3. g3 Bg7 4. d3 Nf6 5. Bg2 0-0 6. 0-0 c5 7. c3 Nc6 8. Na3 Rb8 9. Ne5 Nxe5 10. fxe5 Ng4 11. d4 cxd4 12. cxd4 Qb6 13. Kh1 Be6 14. h3 Nxe5 15. dxe5 Bxe5 16. Bf4 Bxf4 17. gxf4 Qxb2 18. Nc2 Rfd8 19. Nd4 Bd7 20. Qd3 Qb6 21. Rab1 Qf6 22. Qe3 b6 23. Rbc1 Rbc8 24. Rfd1 e6 25. Nf3 Qb2 26. Ne5 Ba4 27. Rb1 Qc3 28. Rd3 Qc2 29. Rb4 Qc1+ 30. Kh2 Qxe3 31. Rxe3 Be8 32. Ra3 Rc7 33. Kg3 Rdc8 34. Kf2 Kf8 35. h4 h5 36. Nd3 Ke7 37. f5 Kd6 38. fxg6 fxg6 39. Bh3 Rf7+ 40. Ke3 Rc2 41. Ne1 Rc4 42. Rxc4 dxc4 43. Nf3 a5 44. Ng5 Rc7 45. Nxe6 Re7 46. Kd4 Bd7 47. Nf4 Bxh3 48. Rxh3 b5 49. Rg3 b4 50. Rxg6+ Kd7 51. Ra6 Kc8 52. Rxa5 c3 53. Rxh5 Rd7+ 54. Rd5 Ra7 55. Rb5 Ra4 56. Ke3 Kd7 57. Nd3 c2 58. Nc1 Kc6 59. Rh5 Ra3+ 60. Kd2 Rc3 61. Rg5 Kb6 62. h5 1-0